000 00584nam a2200241Ia 4500
003 OSt
005 20220912151946.0
006 a|||||r|||| 00| 0
007 ta
008 220909b |||||||| |||| 00| 0 eng d
024 _a63770
037 _cTextual
040 _aCSL
_beng
_cCSL
041 _aeng
082 _aB:(R1), J6.1
100 _aChurch Alonzo
245 0 _aIntroduction to mathematical logic
260 _c1956
300 _ap.
_ccm.
650 _aPhilosophy of maths
942 _hB:(R1), J6.1
_cTEXL
_2CC
999 _c78069
_d78069